| 000 | 00868aam a2200301 4500 | ||
|---|---|---|---|
| 005 | 20161012164907.0 | ||
| 008 | 150624b xxu||||| |||| 00| 0 spa d | ||
| 041 | _aEspañol | ||
| 082 | _a658 B278c | ||
| 100 |
_aBermejo, Manuel _926532 |
||
| 100 |
_aDe la Vega, Ignacio _926533 |
||
| 245 | _aCrea tu propia empresa: estrategias para su puesta en marcha y supervivencia | ||
| 260 | _aEspaña | ||
| 260 | _bMcGraw-Hill | ||
| 260 | _c2003 | ||
| 300 | _a185 páginas | ||
| 650 |
_aADMINISTRACION DE EMPRESAS _9521 |
||
| 650 |
_aCREACION DE EMPRESAS _914197 |
||
| 650 |
_aLIDERAZGO _922 |
||
| 650 |
_aEMPRENDEDORES _921 |
||
| 650 |
_aPEQUEÑA EMPRESA _92678 |
||
| 650 |
_aMEDIANA EMPRESA _97342 |
||
| 650 |
_aRECURSOS FINANCIEROS _95933 |
||
| 650 |
_aPLAN DE NEGOCIOS _93875 |
||
| 650 |
_aLEASING _912272 |
||
| 650 |
_aEMPRESA FAMILIAR _95543 |
||
| 942 | _cBK | ||
| 999 |
_c1474 _d1474 |
||